000 00522nam a2200217Ia 4500
003 IT-RoPAU
008 120407s9999 xx 000 0 und d
040 _aIT-RoPAU
040 _cIT-RoPAU
041 _aita
100 _aRoberto Lecchini
245 _aBimillenario (Il) genetliaco di Maria. Maria nel pensiero dei cattolici e dei protestanti.
250 _aReggio Emilia
260 _aFrate Francesco
260 _c1985
300 _a119 p.
300 _c21 cm
490 _v1
942 _cBK
999 _c24686
_d24686